| 000 | 00000nas 2200000za 4500 |
| 001 | 9.862436 |
| 003 | CaOODSP |
| 005 | 20221107161021 |
| 007 | cr ||||||||||| |
| 008 | 180926c19889999onc u m o f0 b0fre|d |
| 040 | |aCaOODSP|bfre |
| 043 | |an-cn--- |
| 086 | 1 |aEn36-508F-PDF |
| 130 | 0 |aSérie des rapports généraux (Canada. Direction générale des eaux intérieures : 1988) |
| 245 | 00|aSérie des rapports généraux - Direction générale des eaux intérieures : 1988 |h[ressource électronique]. |
| 260 | |aBurlington, Ont. : |bDirection générale des eaux interiéures, |c1988- |
| 362 | 0 |aNo. 76- |
| 500 | |aPubl. aussi en anglais sous le titre : Report series - Inland Waters Directorate : 1988. |
| 692 | 07|2gccst|aHydrologie |
| 710 | 1 |aCanada. |bEnvironnement Canada. |
| 710 | 1 |aCanada. |bDirection générale des eaux intérieures. |
| 775 | 08|tReport series - Inland Waters Directorate : 1988 |w(CaOODSP)9.862434 |
| 780 | 00|tSérie des rapports généraux - Direction générale des eaux intérieures et des terres |w(CaOODSP)9.862433 |